| 000 | 00453nam a2200181Ia 4500 | ||
|---|---|---|---|
| 001 | 4436 | ||
| 005 | 20260306145756.0 | ||
| 008 | 260306t1998||||xx |||||||||||||| ||spa|| | ||
| 041 | _aESP | ||
| 082 |
_a321.8042 _bL65 |
||
| 100 |
_aLinz, Juan J. _eAUT |
||
| 245 | 0 |
_aLas crisis del presidencialismo: _b2. El caso de Latinoamérica |
|
| 260 | _c1998 | ||
| 300 |
_a386 páginas : _c20 cm. |
||
| 650 | _aGEN | ||
| 654 | _aCDE | ||
| 942 |
_cLIB _dJUS _fJUS _2ddc _n |
||
| 999 |
_c4436 _d4436 |
||